000 01280 a2200205 4500
001 42897
005 20260407155715.0
008 260407a1967 arg spa d
003 AR-UNSa-BCEJYS
040 _aAR-UNSa-BCEJYS
_bspa
_cAR-UNSa-BCEJYS
080 _a338.26
_xPlanes económicos. Planificación de la economía
245 1 0 _aTécnicas cuantitativas de la planificación
264 1 _aBarcelona :
_bAriel
_c1967
300 _a232 p.
_c23 cm.
505 _a1. El equilibrio espontáneo y el plan - 2. El efecto de promoción y las dos técnicas fundamentales de la planificación - 3. El efecto de promoción y la planificación a partir de los grandes agregados - 4. El efecto de promoción y la planificación a partir de los pequeños agregados - 5. La inversión promotora - 6. Las inversiones desagregadas y el efecto de promoción: industrias "modernas" e industrias "eternamentes nuevas" - 7. Las inversiones desagregadas y el efecto de promoción: sector de crecimiento fuerte y sector de crecimiento débil - 8. Las inversiones desagregadas y el efecto de promoción: sector público - 9. Las técnicas cuantitativas del plan y las funciones sociales
041 _aspa
942 _cBK
590 _aniveau_biblio:m niveau_hierar:0
100 1 _aPerroux, Francois
999 _c3646
_d3646